000 00577nam a2200205 i 4500
001 42621
003 ES-MaACL
007 t|
008 030313s1985 sp ||||1| spa d
020 _a84-205-1064-8
100 1 _aCastells Guardiola, José.
_936600
245 1 0 _aQuímica general y bioorgánica /
_cJ. Castells Guardiola.
250 _a1ª ed.
260 _aMadrid :
_bAlhambra,
_c1985.
300 _aXIV, 543 p. ;
_c26 cm.
490 1 _aAlhambra universidad
830 0 _aAlhambra universidad
_9180698
852 _aES-MaACL
_jL-8116
_bR.108586
999 _c42621
_d42621